P. C. Joshi, biography (Record no. 5655)
[ view plain ]
| 000 -LEADER | |
|---|---|
| fixed length control field | 02824 a2200349 4500 |
| 005 - DATE AND TIME OF LATEST TRANSACTION | |
| control field | 20090424160828.0 |
| 008 - FIXED-LENGTH DATA ELEMENTS--GENERAL INFORMATION | |
| fixed length control field | 090424t xxu||||| |||| 00| 0 eng d |
| 010 ## - LCCN (DPL NO) | |
| LC control number | ENG-86993 B-309684-692 |
| 020 ## - INTERNATIONAL STANDARD BOOK NUMBER | |
| International Standard Book Number | 8123750538 |
| Terms of availability | 150.00 |
| 035 ## - SYSTEM CONTROL NUMBER | |
| System control number | EN-70526 B-309684-692 |
| 037 ## - SOURCE OF ACQUISITION | |
| Source of stock number/acquisition | D. B. Act. / pub North India Publishers |
| 040 ## - CATALOGING SOURCE | |
| Original cataloging agency | dpl |
| Language of cataloging | English |
| 082 ## - DEWEY DECIMAL CLASSIFICATION NUMBER | |
| Classification number | 921 |
| 100 ## - MAIN ENTRY--PERSONAL NAME | |
| Personal name | Chakravartty, Gargi |
| 245 ## - TITLE STATEMENT | |
| Title | P. C. Joshi, biography |
| Statement of responsibility, etc | by Gargi Chakravartty |
| 260 ## - PUBLICATION, DISTRIBUTION, ETC. (IMPRINT) | |
| Place of publication, distribution, etc | New Delhi |
| Name of publisher, distributor, etc | National Book Trust |
| Date of publication, distribution, etc | 2007 |
| 270 ## - ADDRESS | |
| Address | A-5, Green Park, |
| City | New Delhi |
| Postal code | 110 0016 |
| 300 ## - PHYSICAL DESCRIPTION | |
| Extent | xi, 119 p. |
| Other physical details | photos |
| Dimensions | 21 cm. (Hb) |
| 490 ## - SERIES STATEMENT | |
| Series statement | National Biography Series |
| 942 ## - ADDED ENTRY ELEMENTS (KOHA) | |
| Institution code [OBSOLETE] | dpl |
| Item type | English Books |
| Call number prefix | 921 / CHA |
| Source of classification or shelving scheme | Dewey Decimal Classification |
| Classification part | 921 |
| Call number suffix | JOS |
| Withdrawn status | Lost status | Source of classification or shelving scheme | Damaged status | Not for loan | Home library | Current library | Date acquired | Cost, normal purchase price | Total Checkouts | Barcode | Date last seen | Cost, replacement price | Koha item type | Collection code | Source of acquisition | Full call number | Copy number | Total Renewals |
|---|---|---|---|---|---|---|---|---|---|---|---|---|---|---|---|---|---|---|
| Dewey Decimal Classification | Bawana | Bawana | 24/04/2009 | 150.00 | B-309690 | 24/04/2009 | 150.00 | English Books | Non-fiction | North India Publishers /N333/08/31.12.08/244/12.12.08/7.1.09 | 921 JOS | 1 | ||||||
| Dewey Decimal Classification | Bawana | Bawana | 24/04/2009 | 150.00 | B-309691 | 24/04/2009 | 150.00 | English Books | Non-fiction | North India Publishers /N333/08/31.12.08/244/12.12.08/7.1.09 | 921 JOS | 1 | ||||||
| Dewey Decimal Classification | Central Library | Central Library | 24/04/2009 | 150.00 | 1 | B-309684 | 04/08/2017 | 150.00 | English Books | Non-fiction | North India Publishers /N333/08/31.12.08/244/12.12.08/7.1.09 | 921 JOS | 1 | |||||
| Dewey Decimal Classification | Andrews Gunj | D.B.Act.Division | 01/10/2008 | 150.00 | EN-70526 | 15/09/2008 | 150.00 | English Books | ||||||||||
| Dewey Decimal Classification | Karol Bagh | Janak Puri | 24/04/2009 | 150.00 | B-309688 | 06/10/2009 | 150.00 | English Books | Non-fiction | North India Publishers /N333/08/31.12.08/244/12.12.08/7.1.09 | 921 JOS | 1 | ||||||
| Dewey Decimal Classification | Narela | Narela | 24/04/2009 | 150.00 | B-309689 | 24/04/2009 | 150.00 | English Books | Non-fiction | North India Publishers /N333/08/31.12.08/244/12.12.08/7.1.09 | 921 JOS | 1 | ||||||
| Dewey Decimal Classification | Patel Nagar | Patel Nagar | 24/04/2009 | 150.00 | B-309685 | 24/04/2009 | 150.00 | English Books | Non-fiction | North India Publishers /N333/08/31.12.08/244/12.12.08/7.1.09 | 921 JOS | 1 | ||||||
| Dewey Decimal Classification | Peshwa Road | Peshwa Road | 24/04/2009 | 150.00 | B-309686 | 24/04/2009 | 150.00 | English Books | Non-fiction | North India Publishers /N333/08/31.12.08/244/12.12.08/7.1.09 | 921 JOS | 1 | ||||||
| Dewey Decimal Classification | Sarojini Nagar | Sarojini Nagar | 24/04/2009 | 150.00 | B-309687 | 24/04/2009 | 150.00 | English Books | Non-fiction | North India Publishers /N333/08/31.12.08/244/12.12.08/7.1.09 | 921 JOS | 1 | ||||||
| Dewey Decimal Classification | Shahdara Branch | Shahdara Branch | 24/04/2009 | 150.00 | 1 | B-309692 | 11/11/2019 | 150.00 | English Books | Non-fiction | North India Publishers /N333/08/31.12.08/244/12.12.08/7.1.09 | 921 JOS | 1 | 1 |
